[Event "GER-ch52 V08 email"]
[Site "GER email"]
[Date "2020.04.16"]
[Round "?"]
[White "Kuhne, Detlev"]
[Black "Firsching, Guenter"]
[Result "1-0"]
[WhiteElo "2453"]
[BlackElo "2287"]
[PlyCount "65"]
[EventDate "2020.??.??"]
[EventType "tourn (corr)"]
[EventRounds "10"]
[EventCountry "GER"]
[SourceTitle "Corr 2022"]
[Source "ChessBase"]
[SourceDate "2021.10.24"]
[SourceVersion "1"]
[SourceVersionDate "2021.10.24"]
[SourceQuality "1"]

1. e4 c5 2. Nf3 d6 3. d4 cxd4 4. Nxd4 Nf6 5. Nc3 a6 6. f3 e5 7. Nb3 Be6 8. Be3 h5 9. Nd5 Bxd5 10. exd5 Nbd7 11. Qd2 g6 12. Be2 Bg7 13. 0-0 Qc7 14. Rac1 0-0 15. c4 a5 16. Na1 Nc5 17. Nc2 e4 18. Na3 Qe7 19. Rce1 Rae8 20. Bf4 Nfd7 21. Nb5 Ne5 22. b3 f5 23. Bd1 h4 24. Kh1 Ncd3 25. Bg5 Qd7 26. f4 Ng4 27. Re2 Bf6 28. Bxf6 Nxf6 29. Bc2 Nxd5 30. Bxd3 exd3 31. Rxe8 Rxe8 32. Qxd3 Nf6 33. Qxd6 1-0

[Event "GER-ch51 V07 email"]
[Site "GER email"]
[Date "2019.04.14"]
[Round "?"]
[White "Firsching, Guenter"]
[Black "Koestner, Wolfgang"]
[Result "0-1"]
[WhiteElo "2309"]
[BlackElo "2314"]
[PlyCount "36"]
[EventDate "2019.??.??"]
[EventType "tourn (corr)"]
[EventRounds "10"]
[EventCountry "GER"]
[SourceTitle "Corr 2022"]
[Source "ChessBase"]
[SourceDate "2021.10.24"]
[SourceVersion "1"]
[SourceVersionDate "2021.10.24"]
[SourceQuality "1"]

1. e4 c5 2. b4 cxb4 3. a3 d5 4. exd5 Qxd5 5. Nf3 e5 6. Bb2 Nc6 7. c4 Qc5 8. axb4 Qxb4 9. Bxe5 Qe7 10. Qe2 Bg4 11. Bf4 Nb4 12. Kd1 Nf6 13. h3 Bf5 14. Nc3 a6 15. Ra5 Bc2+ 16. Kc1 Bd3 17. Qe3 Qxe3 18. fxe3 Rc8 0-1

[Event "GER-ch51 V07 email"]
[Site "GER email"]
[Date "2019.04.14"]
[Round "?"]
[White "Firsching, Guenter"]
[Black "Stieger, Helmut"]
[Result "1/2-1/2"]
[WhiteElo "2309"]
[BlackElo "2375"]
[PlyCount "69"]
[EventDate "2019.??.??"]
[EventType "tourn (corr)"]
[EventRounds "10"]
[EventCountry "GER"]
[SourceTitle "Corr 2022"]
[Source "ChessBase"]
[SourceDate "2021.10.24"]
[SourceVersion "1"]
[SourceVersionDate "2021.10.24"]
[SourceQuality "1"]

1. e4 c5 2. Nf3 e6 3. d4 cxd4 4. Nxd4 a6 5. Bd3 Nf6 6. Qe2 d6 7. 0-0 g6 8. c4 Bg7 9. Nc3 Qc7 10. Be3 0-0 11. Rac1 Nbd7 12. Rfd1 b6 13. b3 Bb7 14. f3 Rac8 15. Qd2 Qb8 16. Bf1 Rfe8 17. Bf2 Rcd8 18. Bg3 Ne5 19. Na4 Nfd7 20. b4 Qa8 21. Bh4 Rc8 22. Nb3 Bf8 23. Qd4 Rc6 24. Qd2 Nxc4 25. Bxc4 b5 26. Na5 bxc4 27. a3 Rc7 28. Bg3 Ne5 29. Qe3 Qb8 30. Nb6 Rd8 31. h3 h6 32. Naxc4 Nxc4 33. Rxc4 Rxc4 34. Nxc4 Bc6 35. Qd4 1/2-1/2

[Event "GER MS-271 email"]
[Site "GER email"]
[Date "2017.10.25"]
[Round "?"]
[White "Firsching, Guenter"]
[Black "Wittenberg, Gerd"]
[Result "1/2-1/2"]
[WhiteElo "2108"]
[BlackElo "1984"]
[PlyCount "42"]
[EventDate "2017.11.05"]
[EventType "tourn (corr)"]
[EventRounds "6"]
[EventCountry "GER"]
[SourceTitle "Corr 2020"]
[Source "ChessBase"]
[SourceDate "2019.09.30"]
[SourceVersion "1"]
[SourceVersionDate "2019.09.30"]
[SourceQuality "1"]

1. e4 c5 2. d4 cxd4 3. c3 Nf6 4. e5 Nd5 5. Nf3 Nc6 6. cxd4 d6 7. Bc4 e6 8. Bd2 Be7 9. 0-0 0-0 10. Nc3 Nxc3 11. Bxc3 dxe5 12. dxe5 b6 13. Qe2 Bb7 14. Bd3 Qc7 15. Rac1 Rfd8 16. a3 Rac8 17. h4 Rd7 18. Rfd1 Rcd8 19. b4 g6 20. Bb2 Qb8 21. Be4 Rxd1+ 1/2-1/2

[Event "GER MS-271 email"]
[Site "GER email"]
[Date "2017.10.22"]
[Round "?"]
[White "Firsching, Guenter"]
[Black "Herzog, Klaus"]
[Result "1-0"]
[WhiteElo "2108"]
[BlackElo "1920"]
[PlyCount "57"]
[EventDate "2017.11.05"]
[EventType "tourn (corr)"]
[EventRounds "6"]
[EventCountry "GER"]
[SourceTitle "Corr 2020"]
[Source "ChessBase"]
[SourceDate "2019.09.30"]
[SourceVersion "1"]
[SourceVersionDate "2019.09.30"]
[SourceQuality "1"]

1. e4 e5 2. Nf3 Nc6 3. Bc4 Bc5 4. b4 Bxb4 5. c3 Be7 6. d4 exd4 7. Qb3 Na5 8. Bxf7+ Kf8 9. Qa4 Kxf7 10. Qxa5 c6 11. Qf5+ Nf6 12. e5 d6 13. e6+ Kg8 14. 0-0 g6 15. Qh3 dxc3 16. Nxc3 Nh5 17. Bh6 d5 18. Rad1 Bf6 19. Nd4 Ng7 20. Rfe1 Qe7 21. a4 a5 22. Kf1 Ra6 23. Qg3 Ra8 24. Bxg7 Bxg7 25. Nce2 Bf8 26. Rd3 b6 27. Rf3 Qe8 28. Rf7 Bxe6 29. Rc7 1-0

[Event "GER T269-C86-S email"]
[Site "GER email"]
[Date "2017.09.24"]
[Round "?"]
[White "Firsching, Guenter"]
[Black "Schelberg, Martin"]
[Result "1/2-1/2"]
[WhiteElo "2108"]
[BlackElo "1570"]
[PlyCount "63"]
[EventDate "2017.09.28"]
[EventType "tourn (corr)"]
[EventRounds "8"]
[EventCountry "GER"]
[SourceTitle "Corr 2022"]
[Source "ChessBase"]
[SourceDate "2021.10.24"]
[SourceVersion "1"]
[SourceVersionDate "2021.10.24"]
[SourceQuality "1"]

1. e4 e5 2. Nf3 Nc6 3. Bb5 a6 4. Ba4 Nf6 5. 0-0 Be7 6. Qe2 d6 7. c3 0-0 8. Rd1 Bd7 9. Bc2 d5 10. d4 Bg4 11. exd5 Qxd5 12. dxe5 Bxf3 13. Rxd5 Bxe2 14. exf6 Bxf6 15. Bf4 Rfe8 16. Na3 Ne5 17. Rd2 Bh5 18. Bg3 b5 19. f3 Re7 20. Be4 Rae8 21. Rad1 Bg6 22. Bb7 Re6 23. Bd5 Rd6 24. f4 Nd3 25. f5 Rxd5 26. fxg6 Red8 27. gxh7+ Kxh7 28. Bxc7 R8d7 29. Bb6 Bg5 30. Rc2 R5d6 31. Bd4 Nb4 32. cxb4 1/2-1/2

[Event "GER T269-C86-S email"]
[Site "GER email"]
[Date "2017.09.24"]
[Round "?"]
[White "Firsching, Guenter"]
[Black "Zielinski, Sergej"]
[Result "1/2-1/2"]
[WhiteElo "2108"]
[BlackElo "1990"]
[PlyCount "55"]
[EventDate "2017.09.28"]
[EventType "tourn (corr)"]
[EventRounds "8"]
[EventCountry "GER"]
[SourceTitle "Corr 2022"]
[Source "ChessBase"]
[SourceDate "2021.10.24"]
[SourceVersion "1"]
[SourceVersionDate "2021.10.24"]
[SourceQuality "1"]

1. e4 e5 2. Nf3 Nc6 3. Bb5 a6 4. Ba4 Nf6 5. 0-0 Be7 6. Qe2 b5 7. Bb3 0-0 8. c3 d5 9. d3 Bb7 10. Nbd2 Re8 11. exd5 Nxd5 12. Ne4 Na5 13. Bc2 c5 14. Nxe5 f5 15. Qh5 fxe4 16. Qf7+ Kh8 17. Qe6 Rf8 18. dxe4 Nf4 19. Nf7+ Rxf7 20. Qxf7 Ne2+ 21. Kh1 Nxc1 22. Raxc1 Nc4 23. b3 Na3 24. Bd3 Qc7 25. c4 Rf8 26. Qh5 g6 27. Qe2 Qe5 28. Rce1 1/2-1/2

[Event "GER MS-266 email"]
[Site "GER email"]
[Date "2017.07.23"]
[Round "?"]
[White "Firsching, Guenter"]
[Black "Woll, Uwe"]
[Result "1/2-1/2"]
[WhiteElo "2113"]
[BlackElo "2027"]
[PlyCount "51"]
[EventDate "2017.07.28"]
[EventType "tourn (corr)"]
[EventRounds "6"]
[EventCountry "GER"]
[SourceTitle "Corr 2020"]
[Source "ChessBase"]
[SourceDate "2019.09.30"]
[SourceVersion "1"]
[SourceVersionDate "2019.09.30"]
[SourceQuality "1"]

1. e4 c5 2. Nf3 g6 3. d4 cxd4 4. Nxd4 Nc6 5. c4 Nf6 6. Nc3 d6 7. Be2 Nxd4 8. Qxd4 Bg7 9. Be3 0-0 10. Qd2 Be6 11. 0-0 Qa5 12. b3 a6 13. Rab1 b5 14. b4 Qc7 15. cxb5 axb5 16. Nxb5 Qb7 17. Nc3 Nxe4 18. Nxe4 Rxa2 19. Qd3 Bf5 20. Bf3 d5 21. Qb3 dxe4 22. Bg4 Rfa8 23. Bxf5 gxf5 24. b5 R2a3 25. Qc2 Rc3 26. Qe2 1/2-1/2

[Event "GER MS-266 email"]
[Site "GER email"]
[Date "2017.07.23"]
[Round "?"]
[White "Langheld, Werner"]
[Black "Firsching, Guenter"]
[Result "0-1"]
[WhiteElo "1957"]
[BlackElo "2113"]
[PlyCount "62"]
[EventDate "2017.07.28"]
[EventType "tourn (corr)"]
[EventRounds "6"]
[EventCountry "GER"]
[SourceTitle "Corr 2020"]
[Source "ChessBase"]
[SourceDate "2019.09.30"]
[SourceVersion "1"]
[SourceVersionDate "2019.09.30"]
[SourceQuality "1"]

1. e4 c5 2. b4 cxb4 3. a3 e5 4. Bc4 Nf6 5. Qe2 d5 6. exd5 Be7 7. axb4 0-0 8. Bb2 Bg4 9. Qd3 Bxb4 10. Ne2 Nbd7 11. 0-0 a6 12. Ng3 b5 13. Ba2 Bd6 14. Qe3 Re8 15. h3 Bh5 16. Nxh5 Nxh5 17. Nc3 f5 18. d3 g6 19. Qd2 b4 20. Ne2 a5 21. Bc4 a4 22. Rfb1 f4 23. Bb5 a3 24. Bc1 e4 25. dxe4 Rxe4 26. Bd3 Re8 27. Nd4 Qf6 28. Bb5 Re4 29. Nf3 Ne5 30. Bb2 Nxf3+ 31. gxf3 Qg5+ 0-1

[Event "GER-ch47 sf08 email"]
[Site "GER email"]
[Date "2015.04.20"]
[Round "?"]
[White "Reinecke, Rudolf"]
[Black "Firsching, Guenter"]
[Result "1/2-1/2"]
[WhiteElo "2285"]
[BlackElo "2320"]
[PlyCount "59"]
[EventDate "2015.??.??"]
[EventType "tourn (corr)"]
[EventRounds "8"]
[EventCountry "GER"]
[SourceTitle "Corr 2017"]
[Source "ChessBase"]
[SourceDate "2017.09.19"]
[SourceVersion "1"]
[SourceVersionDate "2017.09.19"]
[SourceQuality "1"]

1. d4 Nf6 2. c4 e6 3. Nf3 d5 4. Nc3 Be7 5. Bf4 0-0 6. e3 c5 7. dxc5 Bxc5 8. a3 Nc6 9. Qc2 Qa5 10. Rd1 Be7 11. Be2 Ne4 12. cxd5 Nxc3 13. Qxc3 Qxc3+ 14. bxc3 exd5 15. Rxd5 Bxa3 16. Nd4 a5 17. Kd2 Be7 18. Bf3 a4 19. Ra1 Ra6 20. Kc2 a3 21. Rb5 g6 22. Kb1 Rd8 23. Bc7 Rd7 24. Bb6 h5 25. Be2 Nxd4 26. cxd4 Rd6 27. Bc5 Bf5+ 28. Ka2 Be6+ 29. Kb1 Bf5+ 30. Ka2 1/2-1/2

[Event "GER-ch47 sf08 email"]
[Site "GER email"]
[Date "2015.04.11"]
[Round "?"]
[White "Firsching, Guenter"]
[Black "Kuhne, Detlev"]
[Result "1/2-1/2"]
[WhiteElo "2074"]
[BlackElo "2181"]
[PlyCount "55"]
[EventDate "2015.??.??"]
[EventType "tourn (corr)"]
[EventRounds "8"]
[EventCountry "GER"]
[SourceTitle "Corr 2020"]
[Source "ChessBase"]
[SourceDate "2019.09.30"]
[SourceVersion "1"]
[SourceVersionDate "2019.09.30"]
[SourceQuality "1"]

1. d4 Nf6 2. c4 e6 3. Nf3 b6 4. g3 Ba6 5. b3 Bb4+ 6. Bd2 Be7 7. Bg2 c6 8. Bc3 d5 9. Nbd2 Nbd7 10. 0-0 0-0 11. Re1 c5 12. e4 dxe4 13. Nxe4 Bb7 14. Nfg5 cxd4 15. Bxd4 Qc7 16. Nxf6+ Bxf6 17. Bxf6 Nxf6 18. Bxb7 Qxb7 19. Qe2 h6 20. Nf3 Rfd8 21. Rad1 Qc7 22. Nd4 Rac8 23. Rd3 a6 24. Red1 Qb7 25. Nf3 Rxd3 26. Rxd3 b5 27. Ne5 Qe4 28. Qxe4 1/2-1/2

[Event "GER-ch47 sf08 email"]
[Site "GER email"]
[Date "2015.04.11"]
[Round "?"]
[White "Firsching, Guenter"]
[Black "Mehlhorn, Uwe"]
[Result "0-1"]
[WhiteElo "2074"]
[BlackElo "2125"]
[PlyCount "48"]
[EventDate "2015.??.??"]
[EventType "tourn (corr)"]
[EventRounds "8"]
[EventCountry "GER"]
[SourceTitle "Corr 2020"]
[Source "ChessBase"]
[SourceDate "2019.09.30"]
[SourceVersion "1"]
[SourceVersionDate "2019.09.30"]
[SourceQuality "1"]

1. d4 d6 2. c4 e5 3. Nf3 e4 4. Ng5 f5 5. Nc3 Be7 6. Nh3 Nf6 7. b3 0-0 8. e3 c6 9. d5 Nbd7 10. Be2 Ne5 11. Bb2 Bd7 12. Qd2 Qe8 13. 0-0 Nfg4 14. dxc6 bxc6 15. Rfd1 Rd8 16. Na4 Bc8 17. Qa5 Rd7 18. Rd2 g5 19. Re1 Qg6 20. Rd4 c5 21. Rd5 Bb7 22. Rdd1 Bd8 23. Qc3 Bc6 24. Qc1 f4 0-1

[Event "GER MS-209 email"]
[Site "GER email"]
[Date "2014.12.29"]
[Round "?"]
[White "Firsching, Guenter"]
[Black "Hoebel, Hartmut"]
[Result "1/2-1/2"]
[WhiteElo "2117"]
[BlackElo "2101"]
[PlyCount "77"]
[EventDate "2015.01.10"]
[EventType "tourn (corr)"]
[EventRounds "6"]
[EventCountry "GER"]
[SourceTitle "Corr 2020"]
[Source "ChessBase"]
[SourceDate "2019.09.30"]
[SourceVersion "1"]
[SourceVersionDate "2019.09.30"]
[SourceQuality "1"]

1. e4 e6 2. d4 d5 3. Nc3 Bb4 4. e5 Ne7 5. a3 Bxc3+ 6. bxc3 c5 7. Qg4 0-0 8. Bd3 Nbc6 9. Qh5 Ng6 10. Nf3 Qc7 11. Be3 c4 12. Bxg6 fxg6 13. Qg4 Bd7 14. h4 Rf5 15. h5 gxh5 16. Rxh5 Rxh5 17. Qxh5 Be8 18. Qh3 Nd8 19. Ng5 h6 20. Nxe6 Qa5 21. Bxh6 Nxe6 22. Qxe6+ Bf7 23. Qh3 gxh6 24. f4 Kh7 25. Qf5+ Bg6 26. Qd7+ Kh8 27. Qh3 Bh7 28. f5 Qd8 29. Qh5 Qd7 30. e6 Qc7 31. g4 Rg8 32. Qxh6 Qg3+ 33. Kd2 Qg2+ 34. Ke3 Qe4+ 35. Kd2 Qxg4 36. Rf1 Qg2+ 37. Ke1 b6 38. Qf6+ Rg7 39. Rf2 1/2-1/2

[Event "GER MS-209 email"]
[Site "GER email"]
[Date "2014.12.29"]
[Round "?"]
[White "Ries, Berthold"]
[Black "Firsching, Guenter"]
[Result "1/2-1/2"]
[WhiteElo "2096"]
[BlackElo "2117"]
[PlyCount "41"]
[EventDate "2015.01.10"]
[EventType "tourn (corr)"]
[EventRounds "6"]
[EventCountry "GER"]
[SourceTitle "Corr 2020"]
[Source "ChessBase"]
[SourceDate "2019.09.30"]
[SourceVersion "1"]
[SourceVersionDate "2019.09.30"]
[SourceQuality "1"]

1. e4 c5 2. Nf3 Nc6 3. Bb5 e6 4. 0-0 Nge7 5. d4 cxd4 6. Nxd4 Qb6 7. Nxc6 bxc6 8. Be2 Ng6 9. c4 Be7 10. Nc3 0-0 11. Rb1 c5 12. f4 d6 13. Be3 a5 14. Bd3 Bb7 15. Qh5 Bf6 16. Rf3 Rfd8 17. Rh3 Nf8 18. a4 Bc6 19. Bf2 Bxc3 20. bxc3 Qc7 21. e5 1/2-1/2